Nombres de jugadores en el PES #1 - Estadísticas

Estadísticas generales
  • Esta prueba ha sido intentada 12 veces
  • La puntuación promedio es 10 de 30
Estadísticas de respuestas
PES Nombre real % Correcto
Baquistata Batistuta
100%
Malgani Maradona
82%
Palm Pelé
73%
Rozeiro Romário
73%
Otoka Okocha
64%
Zirom Zidane
64%
Ganarrin Garrincha
55%
Huno Sametz Hugo Sánchez
55%
Siljome Simeone
55%
Zilre Zico
55%
Cwarim Cruyff
45%
Behrengauna Beckenbauer
36%
Fillco Figo
36%
Gulaas Gullit
36%
Lon Barron Baggio
27%
Gal Nevor Neville
27%
Bussarana Butragueño
18%
Chriningbone Charlton
18%
Linden Lineker
18%
Rewtelize Rummenigge
18%
Verdonan Valderrama
18%
De Squeran Di Stéfano
9%
Maletz Matthäus
9%
Proquinei Platini
9%
Roguerio Redondo
9%
Loggu Rossi
9%
Storms Scholes
9%
Salsalo Zamorano
9%
Deroem Deschamps
0%
Huber Kahn
0%
No se encontraron pruebas coincidentes
Distribución de puntuación
Porcentaje de gente con cada puntuación
Porcentaje por número respondido
Historial de tus puntuaciones
No has intentado esta prueba.